000 00605nam a2200241Ia 4500
003 OSt
005 20220918201422.0
006 a|||||r|||| 00| 0
007 ta
008 220917b |||||||| |||| 00| 0 eng d
024 _a93,820
037 _cTextual
040 _aARTS
_cARTS
_beng
041 _2eng
_aeng
082 _aV1-52z7, L6
100 _aFinley M I
_924066
245 0 _aStudies in Ronam property
260 _aCambridge
_bUniv
_c1976
300 _avii, 211p.
_ccm.
650 _aHISTORY
942 _hV1-52z7, L6
_cTEXL
_2CC
999 _c217462
_d217462